Normal view
MARC view
Entry Personal Name
001 - CONTROL NUMBER
- control field: 38705
003 - CONTROL NUMBER IDENTIFIER
- control field: OSt
005 - DATE AND TIME OF LATEST TRANSACTION
- control field: 20160217152304.0
008 - FIXED-LENGTH DATA ELEMENTS
- fixed length control field: 160217|| aca||aabn | a|a d
040 ## - CATALOGING SOURCE
- Original cataloging agency: OSt
- Transcribing agency: OSt
100 ## - HEADING--PERSONAL NAME
- Personal name: प्रसाद मुनेश्वर
670 ## - SOURCE DATA FOUND
- Source citation: Work cat.: (OSt)24438: प्रसाद मुनेश्वर , भारतीय शिक्षा का इतिहास









